|
|
|
|
| LEADER |
00000nam a2200000 a 4500 |
| 001 |
vtls001381589 |
| 003 |
SK-MaSNL |
| 005 |
20260425231926.0 |
| 008 |
160322s1999 xo ab rd d 0 slo |
| 015 |
|
|
|a SNBE2000/01-00223
|
| 020 |
|
|
|a 8096782398
|
| 035 |
|
|
|a SNK000335616
|
| 040 |
|
|
|a SNK
|b slo
|c SNK
|e AACR2
|
| 041 |
0 |
|
|a slo
|
| 044 |
|
|
|a xo
|c SK
|
| 080 |
|
|
|a 77.04-051(73):061.4(083.9)
|2 1981
|
| 080 |
|
|
|a 069.6.02
|2 1981
|
| 080 |
|
|
|a 929 Hackenschmied, Alexander
|2 1981
|
| 080 |
|
|
|a 929 Hayman-Hammid, Hella
|2 1981
|
| 080 |
|
|
|a Hammid, Tino
|2 1981
|
| 245 |
1 |
|
|a Alexander Hackenschmied, Hella Heyman-Hammid, Tino Hammid
|b Slovenské národné múzeum Harmincova sieň Bratislava 6.-31. mája 1999
|c komisár výstavy Ľubo Stacho
|
| 260 |
|
|
|a [Bratislava
|b FO ART]
|c 1999
|
| 300 |
|
|
|a [4] s.
|b fotogr.
|c 30 cm
|
| 600 |
1 |
|
|a Hackenschmied, Alexander
|d 1907-?
|x výstavy
|x katalógy
|2 SNK
|9 460824
|
| 600 |
2 |
|
|a Heyman-Hamid, Hella
|d 1921-?
|x výstavy
|x katalógy
|2 SNK
|9 460825
|
| 600 |
1 |
|
|a Hammid, Tino,
|d 1952-
|2 SNK
|
| 610 |
0 |
7 |
|a Slovenské národné múzeum
|2 SNK
|9 32460
|
| 611 |
1 |
7 |
|a Slovenské národné múzeum
|2 SNK
|9 295644
|
| 651 |
|
7 |
|a Bratislava (Slovensko)
|2 SNK
|9 14568
|
| 655 |
|
7 |
|a katalógy výstav
|2 SNK
|9 70445
|
| 700 |
1 |
|
|a Stacho, Ľubo,
|d 1953-
|4 aud
|9 117356
|
| 710 |
0 |
|
|a Goethe Institut (Bratislava, Slovensko)
|4 aut
|9 35075
|
| 919 |
|
|
|a 80-967823-9-8
|
| 958 |
|
|
|a TL
|
| 958 |
|
|
|a BQ
|
| 958 |
|
|
|a BX
|
| 999 |
|
|
|c 722713
|d 724643
|
| 952 |
|
|
|t P60, <03>, [BOOK], {603}
|a SNK
|b SNK
|y PREZ
|7 0
|p 17A0226279
|o snkOSB 12392
|i snkKSP 1135/2000
|0 0
|1 0
|4 0
|d 2000-01-26
|l 0
|r 2005-01-02 00:00:00
|w 2026-02-23
|
| 952 |
|
|
|t P60, <04>, [BOOK], {604}
|a SNK
|b SNK
|y VYP
|7 0
|p 17A0226280
|o snkOSB 12392 D1
|i snkKSP 1136/2000
|0 0
|1 0
|4 0
|d 2000-01-26
|l 0
|r 2005-01-02 00:00:00
|w 2026-02-23
|